Normal view
MARC view
Entry Topical Term
001 - CONTROL NUMBER
- control field: 851573
003 - CONTROL NUMBER IDENTIFIER
- control field: OSt
005 - DATE AND TIME OF LATEST TRANSACTION
- control field: 20251117115419.0
008 - FIXED-LENGTH DATA ELEMENTS
- fixed length control field: 251117|| aca||aabn | a|a d
040 ## - CATALOGING SOURCE
- Original cataloging agency: OSt
- Transcribing agency: OSt
150 ## - HEADING--TOPICAL TERM
- Topical term or geographic name entry element: Sociology
670 ## - SOURCE DATA FOUND
- Source citation: Work cat.: (OSt)500168: 21640, Translating worlds: the epistemological space of translation Special issue in ethnographic theory series , 2015
